เปลี่ยนเป็นภาษาไทย

Change to English
 แสดงรายละเอียดบรรณานุกรม
  กลับหน้าหลัก

Brief Record : Get Marc (ISO 2709) : E-mail record : QR code ปิดหน้าต่าง
LEADER 00000nam 2200000uu 4500
001    17550
003     ULIBM
008    020711s2542 th a 000 0 tha d
020    974-639-915-2
060    W700
100    แมน อิงคตานุวัฒน์,อุดมศักดิ์ หุ่นวิจิตร และ ธวัชชัย วัฒนเขจร
245    นิติเวชศาสตร์ 1
250    พิมพ์ครั้งที่ 1
260    กรุงเทพฯ :^bโรงพิมพ์แห่งจุฬาลงกรณ์มหาวิทยาลัย,^c2542
300    361 หน้า
รายการนี้ยังไม่มีแท็ก
คุณยังไม่ได้ล็อกอิน คุณสามารถมีกิจกรรมร่วมกับเว็บไซต์ได้ แต่ต้องล็อกอินก่อน ::
  ล็อกอิน
ลำดับที่ ประเภท เลขเรียก/บาร์โค้ด สถานที่ สถานะ
1. หนังสือ
หนังสือ
W700 2542  
  Barcode: 0002890
หนังสือทั่วไป On Shelf
   [แสดง 1/1 รายการ]

รายการใกล้เคียง
    ชื่อเรื่อง [นิติเวชศาสตร์ 1]

BibComment


ยังไม่เคยถูกคอมเมนท์

คอมเมนท์ทรัพยากรรายการนี้
  คอมเมนท์: นิติเวชศาสตร์ 1
Bib 17550


 Union Library Management : ULibM
Copyright 2026. All Rights Reserved.